02313nam a2200373Ia 4500001000700000003000500007005001700012007000300029008004100032040001800073245015400091260003200245300006600277336002700343337002800370338002800398500003100426502009500457504002700552505030900579650004300888650002600931650003500957650002100992700004301013700003901056856008101095856013401176856014401310856012601454856012601580856009601706856013701802dia_36CHAP20241111133044.0ta220117s2015 mx adeo 001 0 spa d amxchpuacCHAP10aCremería Los Pioneros S. A. de C. V., Cd. Obregón, Sonora /ccoordinador Vicente López Bautista ; colaboradores Ariana Cruz Garrido...[y otros] aMéxico :bEl autor,c2015 a50 hojas : bilustraciones, tablas, gráficas, planos, fotos 2rdacontentatextobtxt 2rdamediaano mediadobn 2rdacarrieravolumenbnc aGrado: 7° año Grupo: 02 aViaje de estudios b(EIUPA) -- cUACh. Departamento de Ingeniería Agroindustrial, d2015 aIncluye bibliografía00aContiene 5 planos : -- 1.Plano de distribución de áreas (Esc. 1:350) -- 2.Distribución de equipo (Esc. 1:100) -- 3.Diagrama de recorrido de queso fresco (Esc. 1:1) -- 4.Diagrama de recorrido de queso chihuahua (Esc. 1:1) -- 5.Fachada (Esc. 1:1)-- 6.Diagrama de recorrido de queso asadero (Esc. 1:1)10aIndustria lecherazMéxico zSonora 13aProductos lácteos 10aDairy industryzMexicozSonora13aDairy products 1 aLópez Bautista, Vicenteecoordinador1 aCruz Garrido, Arianaecolaboradora41uhttp://10.13.5.2/ve/TC689EIUPA/TC689EIUPA2015-REPORTE.pdfyDESCARGAR REPORTE41uhttp://10.13.5.2/ve/TC689EIUPA/TC689EIUPA2015-PLANO-DIAGRAMADERECORRIDOASADERO.pdfyDESCARGAR PLANO DE RECORRIDO DE QUESO ASADERO41uhttp://10.13.5.2/ve/TC689EIUPA/TC689EIUPA2015-PLANO-DIAGRAMADERECORRIDOFRESCO.pdfyDESCARGAR PLANO DE DIAGRAMA DE RECORRIDO DE QUESO FRESCO41uhttp://10.13.5.2/ve/TC689EIUPA/TC689EIUPA2015-PLANO-DISTRIBUCIONDEEQUIPO.pdfyDESCARGAR PLANO DE DISTRIBUCIÓN DE EQUIPO41uhttp://10.13.5.2/ve/TC689EIUPA/TC689EIUPA2015-PLANO-DISTRIBUCIONDEAREAS.pdfyDESCARGAR PLANO DE DISTRIBUCIÓN DE ÁREAS41uhttp://10.13.5.2/ve/TC689EIUPA/TC689EIUPA2015-PLANO-FACHADA.pdfyDESCARGAR PLANO DE FACHADA41uhttp://10.13.5.2/ve/TC689EIUPA/TC689EIUPA2015-PLANO-DIAGRAMADERECORRIDOCHIHUAHUA.pdfyDESCARGAR PLANO DE DIAGRAMA DE QUESO CHIHUAHUA